Loading...
| LEADER | 00575nam a22001817a 4500 | ||
|---|---|---|---|
| 005 | 20151215130450.0 | ||
| 008 | 130819t xxu||||| |||| 00| 0 eng d | ||
| 020 | |a 9789020733044 | ||
| 082 | |a 658.5 |b VIS | ||
| 100 | |a Visser, H M |9 23789 | ||
| 245 | |a Logistics |b principles and practice | ||
| 260 | |a Netherlands |b Routledge |c 2006 | ||
| 300 | |a 452p | ||
| 653 | |a Logistics | ||
| 700 | |a Van Goor, A R |9 23790 | ||
| 942 | |c BK |6 _ | ||
| 999 | |c 116893 |d 116893 | ||
| 952 | |0 0 |1 0 |2 ddc |4 0 |6 6585_VIS |7 0 |9 151772 |a SMS |b SMS |c GEN |d 2013-08-19 |l 1 |o 658.5 VIS |p SMS025200 |r 2014-12-10 |s 2014-12-06 |w 2013-08-19 |y BK | ||